000 00760nas a2200241 454500
001 39814
005 20260407193510.0
008 260407s1996####ag###########|||spa#d
003 AR-UNSa-BCEJYS
040 _aAR-UNSa-BCEJYS
_bspa
_cAR-UNSa-BCEJYS
080 _a342
_xDerecho constitucional (Derecho Público)
245 1 0 _aSuplemento La Ley Constitucional
264 1 _aBuenos Aires :
_bLa Ley
_c1996
310 _aFrecuencia: Irregular
041 _aspa
942 _cSER
590 _aniveau_biblio:s niveau_hierar:1
100 1 _aGelli, María Angélica
650 _aDerecho constitucional
650 _aJURISPRUDENCIA
650 _aPODER JUDICIAL
856 4 1 _uhttps://biblioeco.unsa.edu.ar/pmb/images/revistas/R20415.jpg
_yImagen de portada
_qimage/jpeg
999 _c8858
_d8858